000 01985cam a22005054i 4500
003 PE-LiUPU
005 20250731184516.0
008 150617s1974 pe a rb 000 0 spa d
035 _a(Sirsi) a16771
040 _aPE-LiUPU
_bspa
_cPE-LiUPU
_erda
049 _aPRUA
082 0 4 _a985.712
_bO74
_221
100 1 _aOrtíz, Dionisio,
_eautor.
245 1 3 _aEl pachitea y el alto Ucayali :
_bvisión histórica de dos importantes regiones de la selva peruana /
_cDionisio Ortíz.
264 1 _aLima :
_bSan Antonio,
_c1974.
300 _a493 páginas ;
_c24 cm
336 _atext
_2rdacontent
337 _aunmediated
_2rdamedia
338 _avolume
_2rdacarrier
504 _aBibliografía en el pie de página.
505 0 _aDesde las primeras entradas a la selva hasta el martirio del padre Biedma y compañeros -- Desde la restauración de las misiones hasta el levantamiento de Santos Atahualpa -- Desde el levantamiento de Santos Atahualpa y ruina de las misiones.
526 _aP136
526 _aP135
526 _aP134
526 _aP133
526 _aP144
526 _aP143
526 _aP87
526 _aP35
526 _aP20
526 _aP14
526 _aP10
526 _aP06
650 0 4 _aPachitea, Perú
_xHistoria.
650 0 4 _aUCAYALI, Perú
_xHISTORIA.
910 _ajck
_bjvq
_cjck
_d20150616
942 _2ddc
_cBOOK
949 _a985.712 O74 1
_wDEWEY
_c1
_i15817
_lCCODEBUL1
_mBUL
_p
_r0
_sY
_tBOOK
_u19780522
_xEDUCACION
_zUNKNOWN
_0COMPRA
_o.STAFF. Colección General
994 _aC0
_bPEPRU
596 _a1 2
999 _a985.712 O74 1
_wDEWEY
_c16277
_i15817
_f2021-11-8
_g5
_lCCODEBUL1
_mBUL
_r0
_sY
_tBOOK
_u2015-6-17
_xBIBLIOTECA
_zUNKNOWN
_0COMPRA
_o.STAFF. Colección General
_d16277
999 _a985.712 O74 1
_wDEWEY
_c1
_iFT00137
_lCCODEBUT1
_mBUT
_r0
_sY
_tBOOK
_u2016-2-16
_xBIBLIOTECA
_zUNKNOWN
_0DONACION
_o.STAFF. Colección General
980 _81
_gALBERTO SANCHEZ Responsable de Automatización